Statistiken für Top 10 am wenigsten besuchte Länder in Europa

Klicken Sie hier um das Quiz zu spielen!

Allgemein

  • Dieses Quiz wurde 584 mal gespielt
  • Das Durchschnittsergebnis liegt bei 7 aus 10

Antwortstatistiken

RankBesucher / JahrLänder% Korrekt
4.139,000San Marino
82%
2.54,000Liechtenstein
76%
10.905,000Luxemburg
74%
1.11,000Moldawien
71%
5.292,000Monaco
65%
7.439,000Bosnien und Herzegowina
64%
8.673,000Island
64%
9.810,000Serbien
62%
6.351,000Mazedonien
58%
3..119,000Weißrussland
50%

Verteilung der Resultate

Perzentil nach korrekt beantworteten Fragen

Anzahl Personen mit jedem Resultat

Ihre Resultats-Entwicklung

Sie haben dieses Quiz noch nicht gespielt